Understanding operating systems. / (Record no. 2193)

MARC details
000 -LEADER
fixed length control field 01724cam a22003134a 4500
001 - CONTROL NUMBER
control field 14852708
005 - DATE AND TIME OF LATEST TRANSACTION
control field 20210414114131.0
008 - FIXED-LENGTH DATA ELEMENTS--GENERAL INFORMATION
fixed length control field 070516s2006 maua b 001 0 eng
010 ## - LIBRARY OF CONGRESS CONTROL NUMBER
LC control number 2007275404
020 ## - INTERNATIONAL STANDARD BOOK NUMBER
International Standard Book Number 0534423663
040 ## - CATALOGING SOURCE
Original cataloging agency DLC
Transcribing agency DLC
Modifying agency DLC
042 ## - AUTHENTICATION CODE
Authentication code pcc
050 00 - LIBRARY OF CONGRESS CALL NUMBER
Classification number QA76.76.O63 F598
100 1# - MAIN ENTRY--PERSONAL NAME
Personal name Flynn, Ida M.,
Dates associated with a name 1942-
245 10 - TITLE STATEMENT
Title Understanding operating systems. /
Statement of responsibility, etc. Ida M. Flynn, Ann McIver McHoes.
250 ## - EDITION STATEMENT
Edition statement 4th ed.
260 ## - PUBLICATION, DISTRIBUTION, ETC.
Place of publication, distribution, etc. Boston, Mass. :
Name of publisher, distributor, etc. Thomson Course Technology,
Date of publication, distribution, etc. 2006.
300 ## - PHYSICAL DESCRIPTION
Extent 555 p. :
Other physical details ill. ;
Dimensions 25 cm.
500 ## - GENERAL NOTE
General note Includes bibliographical references and index.
505 ## - FORMATTED CONTENTS NOTE
Formatted contents note Contents: Operating system theory: Introducing operating systems -- Memory management: early systems -- Memory management: virtual memory -- Processor management -- Process management -- Concurrent processes -- Device management -- File management -- Network organization concepts -- Management of network functions -- Security and ethics -- System management -- Operating systems in practice: MS- DOS operating system -- Windows operating systems -- UNIX and Linux operating systems -- Appendixes.
650 #0 - SUBJECT ADDED ENTRY--TOPICAL TERM
Topical term or geographic name entry element Operating systems (Computers)
700 1# - ADDED ENTRY--PERSONAL NAME
Personal name McHoes, Ann McIver,
Dates associated with a name 1950-
856 42 - ELECTRONIC LOCATION AND ACCESS
Materials specified Contributor biographical information
Uniform Resource Identifier <a href="http://www.loc.gov/catdir/enhancements/fy1103/2007275404-b.html">http://www.loc.gov/catdir/enhancements/fy1103/2007275404-b.html</a>
856 42 - ELECTRONIC LOCATION AND ACCESS
Materials specified Publisher description
Uniform Resource Identifier <a href="http://www.loc.gov/catdir/enhancements/fy1103/2007275404-d.html">http://www.loc.gov/catdir/enhancements/fy1103/2007275404-d.html</a>
856 41 - ELECTRONIC LOCATION AND ACCESS
Materials specified Table of contents only
Uniform Resource Identifier <a href="http://www.loc.gov/catdir/enhancements/fy1103/2007275404-t.html">http://www.loc.gov/catdir/enhancements/fy1103/2007275404-t.html</a>
906 ## - LOCAL DATA ELEMENT F, LDF (RLIN)
a 7
b cbc
c origcop
d 2
e ncip
f 20
g y-gencatlg
942 ## - ADDED ENTRY ELEMENTS (KOHA)
Source of classification or shelving scheme Library of Congress Classification
Koha item type Books
Holdings
Withdrawn status Lost status Source of classification or shelving scheme Damaged status Not for loan Home library Current library Shelving location Date acquired Total Checkouts Full call number Barcode Date last seen Copy number Price effective from Koha item type
    Library of Congress Classification     WISCONSIN INTERNATIONAL UNIVERSITY COLLEGE, GHANA - MAIN LIBRARY WISCONSIN INTERNATIONAL UNIVERSITY COLLEGE, GHANA - MAIN LIBRARY General Stacks 28/08/2012   QA76.76.O63 F598 4935/12 28/08/2012 1 28/08/2012 Books
    Library of Congress Classification     WISCONSIN INTERNATIONAL UNIVERSITY COLLEGE, GHANA - MAIN LIBRARY WISCONSIN INTERNATIONAL UNIVERSITY COLLEGE, GHANA - MAIN LIBRARY General Stacks 29/08/2012   QA76.76.O63 F5981 6746/12 29/08/2012 2 29/08/2012 Books

If you have any concerns or questions; kindly contact the library


© Powered by WIUC ICT DIRECTORATE